study of community and economic analysis of bio-digester in kandal stung district, kandal province and traing distri9ct, takeo province (ការសិក្សាពីសហគមន៍ និង ការវិភាគសេដ្ឋកិច្ចឡជីវឧស្ម័ន នៅស្រុកកណ្តាលស្ទឹង ខេត្តកណ្តាល និង​ស្រុកទ្រាំង ខេត្តតាកែវ) (Record no. 4265)

000 -LEADER
fixed length control field 00813nam a22001577a 4500
003 - CONTROL NUMBER IDENTIFIER
control field OSt
005 - DATE AND TIME OF LATEST TRANSACTION
control field 20151209103030.0
008 - FIXED-LENGTH DATA ELEMENTS--GENERAL INFORMATION
fixed length control field 151209b xxu||||| |||| 00| 0 eng d
040 ## - CATALOGING SOURCE
Transcribing agency RUA
082 ## - DEWEY DECIMAL CLASSIFICATION NUMBER
Classification number ATM SEN 2005 B193 Or.1
100 ## - MAIN ENTRY--PERSONAL NAME
9 (RLIN) 4576
Personal name SENG, THEARA.
245 ## - TITLE STATEMENT
Title study of community and economic analysis of bio-digester in kandal stung district, kandal province and traing distri9ct, takeo province (ការសិក្សាពីសហគមន៍ និង ការវិភាគសេដ្ឋកិច្ចឡជីវឧស្ម័ន នៅស្រុកកណ្តាលស្ទឹង ខេត្តកណ្តាល និង​ស្រុកទ្រាំង ខេត្តតាកែវ)
260 ## - PUBLICATION, DISTRIBUTION, ETC. (IMPRINT)
Place of publication, distribution, etc. Phnom Penh
Name of publisher, distributor, etc. RUA
Date of publication, distribution, etc. 2005
300 ## - PHYSICAL DESCRIPTION
Extent ix, 44p
Other physical details ill.
Dimensions 29cm.
942 ## - ADDED ENTRY ELEMENTS (KOHA)
Source of classification or shelving scheme
Koha item type ATM
Holdings
Price effective from Date last seen Permanent Location Not for loan Date acquired Source of classification or shelving scheme Koha item type Barcode Lost status Damaged status Shelving location Withdrawn status Current Location Full call number
2015-12-092015-12-09Library Block B 2015-12-09 ATMRUA039225  B193 Library Block BATM SEN 2005 B193 Or.1
មជ្ឈមណ្ឌលឯការនៃសាកលវិទ្យាល័យភូមិន្ទកសិកម្មចំការដូង

Powered by Koha